000 00871cam a2200241 i 4500
001 19509008
003 OSt
005 20241029195702.0
008 170222t20172017enka 001 0 eng
020 _a9781841740140
040 _cCentral University Library
050 0 0 _aKD3930
_b.A948 2017
100 1 _aThompson, Brian,
_d1955-
_eauthor.
245 1 0 _aCases & materials on constitutional & administrative law /
_cBrian Thompson, LLB, MLitt; Michael Gordon, MA, PhD.
250 _aTwelfth edition.
260 _aNew York;
_aUnited States
_bOxford University Press
_cc2017
300 _axxxviii, 698 pages :
_bcolor illustrations ;
_c25 cm
500 _aIncludes index.
650 0 _aAdministrative law
_zGreat Britain
_vCases.
650 0 _aConstitutional law
_zGreat Britain
_vCases.
700 1 _aGordon, Michael
_q(Michael J.),
_eauthor.
942 _2lcc
_cBK
_eTwelfth Ed.
_n0
999 _c86
_d86